Entry Nombre personal
001 - NÚMERO DE CONTROL
- campo de control: 154842
003 - IDENTIFICADOR DE NÚMERO DE CONTROL
- campo de control: SpMaBN
005 - FECHA Y HORA DE LA ÚLTIMA TRANSACCIÓN
- campo de control: 20250801161611.0
008 - ELEMENTOS DE DATO DE LONGITUD-FIJA
- campo de control de longitud fija: 950823n| aijnnaabn |a aaa
016 ## - NÚMERO DE CONTROL DE UNA AGENCIA BIBLIOGRÁFICA NACIONAL
- Número de control del registro: BNE19950854861
024 7# - IDENTIFICADOR DE OTROS ESTÁNDARES
- Número estándar o código: http://viaf.org/viaf/87707610/
- Fuente: viaf
024 8# - IDENTIFICADOR DE OTROS ESTÁNDARES
- Número estándar o código: https://data.cervantesvirtual.com/person/3523
024 7# - IDENTIFICADOR DE OTROS ESTÁNDARES
- Número estándar o código: https://isni.org/isni/0000000060672846
- Fuente: isni
024 7# - IDENTIFICADOR DE OTROS ESTÁNDARES
- Número estándar o código: http://www.wikidata.org/entity/Q6306885
- Fuente: wikidata
040 ## - FUENTE DE CATALOGACIÓN
- Centro catalogador/agencia de origen: SpMaBN
- Lengua de catalogación: spa
- Centro/agencia transcriptor: SpMaBN
- Normas de descripción: rdc
- Convención/Normas de encabezamiento de materia/tesauro: embne
046 ## - FECHAS CON CODIFICACIÓN ESPECIAL
- Fecha de nacimiento: 1859
- Fecha de la muerte: 1921
100 1# - ENCABEZAMIENTO-NOMBRE DE PERSONA
- Nombre de persona: Asensi, Julia de,
- Fechas asociadas al nombre: 1859-1921
370 ## - LUGAR ASOCIADO
- Lugar de nacimiento: Madrid, España
- Fuente de información: (Wikidata)
- Número de control del registro de autoridad o número normalizado: XX450543
372 ## - CAMPO DE ACTIVIDAD
- Campo de actividad: Novela
- Fuente de información: Wikidata
374 ## - OCUPACIÓN
- Ocupación: Escritores
- Ocupación: Periodistas
- Ocupación: Escritores
- Fuente de información: Wikidata
375 ## - GÉNERO/SEXO
- Género: Femenino
377 ## - IDIOMA ASOCIADO
- Término de lengua/lenguaje: Español
400 1# - TRAZADO DE VÉASE--NOMBRE DE PERSONA
- Nombre de persona: Asensi, J. de,
- Fechas asociadas al nombre: 1859-1921
400 1# - TRAZADO DE VÉASE--NOMBRE DE PERSONA
- Nombre de persona: Asensi y Laiglesia, Julia,
- Fechas asociadas al nombre: 1859-1921
670 ## - FUENTE DE DATOS ENCONTRADOS
- Cita de la fuente: Los niños de las ruinas, 1901
- Información encontrada: port. (Julia de Asensi)
670 ## - FUENTE DE DATOS ENCONTRADOS
- Cita de la fuente: Ahasvérus, 1927
- Información encontrada: port. (J. de Asensi)
670 ## - FUENTE DE DATOS ENCONTRADOS
- Cita de la fuente: Cocos e fadas, 2009
- Información encontrada: Julia de Asensi) p. 4 de la cub. (Julia de Asensi y Laiglesia; n. 1859, en Madrid -m. 1921)
670 ## - FUENTE DE DATOS ENCONTRADOS
- Cita de la fuente: WWW Escritoras.com, 12-04-2006
- Información encontrada: (Julia de Asensi; n. 4-05-1859, Madrid; autora de obras literarias para niños)
856 4# - LOCALIZACIÓN Y ACCESO ELECTRÓNICOS
- Identificador Uniforme de Recursos: http://escritores.bne.es/web/authors/julia-asensi-1849-1921/
- Texto de enlace: Escritores en la BNE
